000 00448nam a2200145Ia 4500
003 OSt
005 20260202142828.0
008 211028s2019 xx 000 0 und d
040 _cAIMIT LIBRARY
041 _aeng
100 _aChethana; Thomas, Babu.
_g1716045
_98025
245 _aUnderstanding employee motivation by applying herzbergs motivation theory at Canara workshops Ltd /
260 _aMangalore
_bRowena Wright
_c2019
942 _2ddc
_cPRO
999 _c219593
_d219593